00980nam a2200169Ia 450000500170000000800410001702000180005804100080007608200160008410000130010024501270011326000160024030000080025636500170026452005040028170000250078520240509171634.0230718s9999 xx 000 0 und d a9781788293594 aeng a006.31bGUL aGulli A. aTensorFlow 1.x Deep Learning CookbookbOver 90 Unique Recipes To Solve Artificial-Intelligence Driven Problems With Python c2017bPackt a510 cRs.b1499.00 a• TensorFlow - An Introduction • Introduction • Installing TensorFlow • Hello world in TensorFlow • Understanding the TensorFlow program structure • Working with constants, variables, and placeholders • Performing matrix manipulations using TensorFlow • Using a data flow graph • Migrating from 0.x to 1.x • Using XLA to enhance computational performance • Invoking CPU/GPU devices • TensorFlow for Deep Learning • Different Python packages required for DNN-based problems  aGulli A. & Kapoor A.